| 000 | 00814cam a2200229 4500 | ||
|---|---|---|---|
| 001 | WB2613-13 | ||
| 008 | 000000n2000 000 0 eng u | ||
| 035 | _a(Sirsi) u105097 | ||
| 245 | _aSilicon fen | ||
| 260 | _c2000 | ||
| 490 |
_aFinancial Times _v29 March 2000, 3(2) |
||
| 520 | _aReports on the decision to allow the building of homes in Cambridgeshire to accommodate the rising demand from those working in the high-tech industries in the area. Details of the dominant firms in the region and the percentage of high-tech employment levels across the country. | ||
| 590 | _aWB | ||
| 650 | _aSILICON FEN | ||
| 650 | _aCAMBRIDGE | ||
| 650 | _aNEW HOMES | ||
| 650 | _aHIGH-TECH INDUSTRIES | ||
| 650 | _aHOUSEHOLD PROJECTIONS | ||
| 650 | _aNEW TOWNS | ||
| 690 | _aHOUSING-DEVELOPMENT | ||
| 942 | _n0 | ||
| 999 |
_c63036 _d63036 |
||